000 00976nam a2200241Ia 4500
005 20170823155215.0
010 _aBAC-CH25
020 _a9780753724941
_c 399.00
035 _aB-563499-528
035 _aG-003409
035 _aB-667934
037 _bTechniz/vender
_adpl
037 _aReceived from DB Act Children Books
082 _a910.922
100 _aGuy, John
245 _aGreat explorers /
_cby John Guy; Colin Hynson [and] Roger Morriss
260 _c2013
_aLondon
_bChancellor Press (imprint of Octopus Publishing Group)
270 _aEndeavour House, 189 Shaftesbury Avenue,
_bLondon
_eWC2H 8JY
300 _a128p.:
_bcol.ill.
_c27cm(pbk)
942 _cCH
_2ddc
_mGUY
_h910.922
999 _c86236
_d86236